Statistics for Top 16 biggest states of the USA

Click here to take the quiz!

General Stats

  • This quiz has been taken 32 times
  • The average score is 3 of 15

Answer Stats

Land Area (Square Miles)State% Correct
570,641Alaska
100%
261,914Texas
93%
145,556Montana
23%
121,365New Mexico
20%
113,642Arizona
17%
103,730Wyoming
10%
97,105Oregon
7%
155,973Calafornia
3%
82,751Utah
3%
109,806Colarado
0%
96,003Idaho
0%
82,168Kansas
0%
81,823Minnesota
0%
79,617Nebraska
0%
75,898South Dakota
0%

Score Distribution

Percentile by Number Answered

Percent of People with Each Score

Your Score History

You have not taken this quiz